|
|
แสดงรายละเอียดบรรณานุกรม |
|
|
Brief Record
: Get Marc (ISO 2709)
: E-mail record
: |
| LEADER 00000nama 2200000uu 4500 | |||
| 008 040531s|||| th m m a000 0 tha d | |||
| 020 974-7771-18-7 | |||
| 041 tha | |||
| 050 อ Z3236 บ165 ล.2 | |||
| 100 สำนักงานส่งเสริมเอกลักษณ์ของชาติ สำนักเลขาธิการนายกรัฐมนตรี. | |||
| 245 บรรณานุกรมสิ่งพิมพ์เกี่ยวกับสถาบันพระมหากัษตริย์ในพระบรมราชจักรีวงศ์ เล่ม 2. | |||
| 260 กรุงเทพฯ. โรงพิมพ์อักษรไทย. 2535. | |||
| 300 372หน้า. | |||
| 600 ราชวงศ์จักรี--บรรณานุกรม. | |||
| 650 กัษตริย์ผู้ครองนคร--ไทย--บรรณานุกรม. | |||
| 995 002 | |||
| คุณยังไม่ได้ล็อกอิน คุณสามารถมีกิจกรรมร่วมกับเว็บไซต์ได้ แต่ต้องล็อกอินก่อน :: |
|
| สถานะ | |||||||||
| 1. | หนังสือทั่วไป | อ Z3236 บ165 ล.2 | On Shelf ขอยืม | ||||||
| [แสดง 1/1 รายการ] | |||||||||
BibComment |
| คอมเมนท์ทรัพยากรรายการนี้ |
|
|